=LDR 00000nam 2200000 4500 =001 INLIS000000000041586 =005 20130612151118 =008 ***********************************ind** =035 ##$$0010-061300000041586 =041 ##$$a ind =082 ##$$a 650 =090 ##$$a 650; Tar, m =100 ##$$a Tarmuji, Tarsis =245 ##$$a Manajemen bisnis =260 ##$$a 1991 $b Yogyakarta =300 ##$$a 166 hlm., ilus, 20 cm =850 ##$$a NBPNMAT